000 00712nam a2200241 i 4500
001 11743
003 ES-MaACL
005 20250819170423.0
008 951215s1995 sp |||| | spa j
020 _a84-313-1358-7
080 _a396"18/19"
100 1 _aSole Romeo, Gloria.
_9107130
245 1 0 _aHistoria del feminismo
_b: (siglos XIX y XX) /
_cGloria Sole Romeo.
260 _aPamplona :
_bEUNSA,
_c[1995]
300 _a123 p ;
_c18 cm.
490 1 _aNT historia
504 _aBibliografía: p. [117]-123.
650 1 4 _aFeminismo-
_yS.XIX.
_9166952
650 7 _aFeminismo-
_yS.XX
_2
_9149100
830 0 _aNT historia
_9179315
852 _aES-MaACL
_jL-19030
999 _c11743
_d11743